Noms en japonais des animés et leur version française - Statistiques

Statistiques générales
  • Ce quiz a été pris 228 fois
  • Le résultat moyen est 9 sur 31
Statistiques - réponses
Nom des animés en japonais Noms des animés en français % Correct
Kimetsu No Yaiba Demon Slayer
86%
Shingeki No Kyojin L'Attaque Des Titans
83%
Captain Tsubasa Olive Et Tom
81%
Nanatsu No Taizai The Seven Deadly Sins
75%
Shokugeki no Sōma Food Wars!
68%
Saint Seiya Les Chevaliers Du Zodiaque
65%
Shigatsu Wa Kimi No Uso Your Lie In April
39%
Enen no Shōbōtai Fire Force
37%
Ansatsu Kyōshitsu Assassination Classroom
35%
Kuroshitsuji Black Butler
29%
Jigokuraku Hell's Paradise
26%
Kanojo, Okarishimasu Rent-A-Girlfriend
25%
Gotōbun No Hanayome The Quintessential Quintuplets
24%
Taiyō No Ko Esteban Les Mystérieuses Cités d'Or
22%
Tate No Yūsha No Nariagari The Rising Of The Shield Hero
21%
Kiseiju Parasite
20%
UFO Robo Grendizer Goldorak
18%
Hagane No Renkinjutsushi Fullmetal Alchemist
13%
Yowamushi Pedal En Selle, Sakamichi !
12%
Gokushufudō La Voie Du Tablier
12%
Kakkō No Iinazuke A Couple Of Cuckoos
9%
Wotaku Ni Koi Wa Muzukashii Otaku Otaku
9%
Yōjo Senki Saga Of Tanya The Evil
9%
Mahō Tsukai No Yome The Ancient Magus Bride
9%
Paripi Kōmei Ya Boy Kongming!
9%
Kaifuku Jutsushi No Yarinaoshi Redo Of Healer
8%
Mahōka Kōkō No Rettōsei The Irregular At Magic High School
8%
Yagate Kimi Ni Naru Bloom Into You
7%
Isekai Ojisan Coma Héroïque Dans Un Autre Monde
6%
Tenkū Shinpan Sky-High Survival
4%
Uchū Kaizoku Captain Harlock Albator 78
3%
Aucun quiz correspondant
Distribution des résultats
% des personnes avec chaque résultat
Percentile par nombre de réponses
Votre historique - résultats
Vous n’avez pas pris ce quiz